[Event "GMA, Wijk aan Zee NED"]
[Site "?"]
[Date "2003.??.??"]
[Round "3"]
[White "Kramnik,V"]
[Black "Bareev,E"]
[Result "1-0"]
[WhiteElo "2805"]
[BlackElo "2725"]
[PlyCount "95"]
[Annotator "Boris Alterman and Jason Doss"]

1. e4 c6 2. d4 d5 3. Nc3 dxe4 4. Nxe4 Bf5 5. Ng3 Bg6 6. h4 h6 7. Nf3 Nd7 8. h5
Bh7 9. Bd3 Bxd3 10. Qxd3 Ngf6 11. Bf4 e6 (11... Qa5+ 12. Bd2 Qc7 13. O-O-O
O-O-O {This is a more common line in the Caro-Kann defense.}) 12. O-O-O Be7 13.
Ne4 Nxe4 14. Qxe4 Nf6 15. Qd3 Qd5 16. c4 Qe4 17. Qxe4 Nxe4 18. Be3 Nd6 19. b3
Bf6 20. g4 b5 $1 21. Nd2 (21. cxb5 cxb5 22. Ne5 Nc8 $1 {
With the idea of Nb6-d5 or Ne7- d5!}) 21... Kd7 $2 {
A dubious plan! Much better was 0-0!} (21... O-O 22. Bf4 Rfd8 23. Bxd6 (23. c5
Ne8) 23... Rxd6 24. Ne4 Rd7 $11) 22. Kc2 $1 Bd8 $2 {
Perhaps a serious error already .... Rfc8 still looks OK.} 23. Nf3 Bf6 {
This appears to be the only move, after:} (23... f6 24. Ne5+ $1 Kc7 25. Ng6 Re8
26. Bf4 $16 {White has a clear advantage}) 24. Ne5+ Kc7 25. c5 $1 (25. Bf4 $5
Bxe5 26. dxe5 (26. Bxe5 f6 27. Bg3 Kd7 $11) 26... Ne4 27. Be3 $1 $14 (27. Rd4
$2 Nxf2 $1 (27... Nc5 28. Be3 $1) 28. Rh2 Nxg4 29. Rg2 g5 $1 $11)) 25... Bxe5
26. dxe5 Nc8 27. Rh3 $3 {This is a key move . Black's rooks become too passive
and a powerfully placed knight on f5 or d5 still cannot stop white's break
through on the King-side .} 27... Ne7 28. Rf3 Rhf8 29. Rd6 a5 $6 (29... Nd5 30.
Bd2 a5 {Was the last chance.}) 30. g5 $1 {More accurate than:} (30. Bd2 Nd5 31.
Kb2 a4 32. g5 hxg5 33. Bxg5 axb3 34. axb3 f6 {
With counterplay via the "a" file!}) 30... hxg5 31. Bxg5 Nf5 32. Rd1 a4 33. b4
Kc8 34. Rfd3 Ra7 35. Rd8+ Rxd8 36. Rxd8+ Kb7 37. Kc3 {Black is in zugzwang!
White's King is marching to the King-side to break the pawns with a piece
sacrifice!} 37... Ka6 38. Kd3 Rc7 39. Ke4 Kb7 40. Rd1 Kc8 41. Rd8+ Kb7 42. Kf4
Rc8 (42... Ne7 43. Bxe7 Rxe7 44. Rg8 f6 45. exf6 gxf6 46. h6 $18) 43. Rd7+ Rc7
44. Rd3 Kc8 45. Rd8+ Kb7 46. Bf6 $3 {The decisive sacrifice.} 46... g6 (46...
gxf6 {Doesn't change the picture} 47. exf6 Rc8 48. Rxc8 Kxc8 49. Kg5 Kd7 (49...
Nd4 $1 50. h6 Nf3+ 51. Kh5 Ne5 52. h7 Ng6 53. Kh6 Kd7 54. Kg7 Ke8 55. h8=Q+ $18
) 50. h6 Nxh6 51. Kxh6 e5 52. Kh7 $1 {
and the resulting pawn endgame is easily winning for white.} 52... e4 53. Kg7
Ke6 54. a3 $18) 47. hxg6 fxg6 48. Kg5 {White wins} 
1-0

[Event "GMA, Wijk aan Zee NED"]
[Site "?"]
[Date "2003.??.??"]
[Round "3"]
[White "Anand,V"]
[Black "Van Wely,L"]
[Result "1/2"]
[WhiteElo "2750"]
[BlackElo "2665"]
[PlyCount "53"]

1.e4 c5 2.Nf3 Nc6 3.d4 cxd4 4.Nxd4 Nf6 5.Nc3 e5 6.Ndb5 d6 7.Bg5 a6 8.Na3 
b5 9.Bxf6 gxf6 10.Nd5 f5 11.c3 Bg7 12.Bd3 Be6 13.Qh5 O-O 14.exf5 Bxd5 15.f6 
e4 16.fxg7 Re8 17.Be2 Re5 18.Qh6 b4 19.Nc2 bxc3 20.bxc3 Qg5 21.Qxg5 Rxg5 
22.O-O Be6 23.Rfd1 Rc5 24.Rxd6 Rxc3 25.Ne3 Nb4 26.a4 Nc2 27.Nxc2 1/2

[Event "GMA, Wijk aan Zee NED"]
[Site "?"]
[Date "2003.??.??"]
[Round "3"]
[White "Grischuk,A"]
[Black "Karpov,An"]
[Result "1/2"]
[WhiteElo "2710"]
[BlackElo "2685"]
[PlyCount "70"]

1.e4 e5 2.Nf3 Nf6 3.Nxe5 d6 4.Nf3 Nxe4 5.d4 d5 6.Bd3 Nc6 7.O-O Be7 8.c4 
Nb4 9.Be2 O-O 10.Nc3 Bf5 11.a3 Nxc3 12.bxc3 Nc6 13.Re1 Re8 14.Bf4 dxc4 
15.Bxc4 Bd6 16.Rxe8+ Qxe8 17.Ng5 Bg6 18.Bxd6 cxd6 19.h4 Qe7 20.Qg4 h6 21.Nf3 
Qe4 22.Qg3 Rd8 23.Re1 Qf5 24.Ba2 Qf6 25.Nh2 Qf5 26.Ng4 Kf8 27.Bb1 Qh5 28.Qf4 
Bxb1 29.Rxb1 Rd7 30.Ne3 Ne7 31.g3 Nd5 32.Nxd5 Qxd5 33.Re1 Re7 34.Rxe7 Kxe7 
35.Qe3+ Qe6 1/2

[Event "GMA, Wijk aan Zee NED"]
[Site "?"]
[Date "2003.??.??"]
[Round "3"]
[White "Polgar,Ju"]
[Black "Timman,J"]
[Result "1-0"]
[WhiteElo "2700"]
[BlackElo "2590"]
[PlyCount "61"]
[Annotator "Hathaway"]

1. e4 c5
{ Timman has played many openings. }
2. Nf3 Nc6 3. d4 cxd4 4. Nxd4 e6
{ This is one of the variations Polgar plays, so it appears Timman has decided she might not like to face it from the other side. Unlike variations with ...d7-d6 where Black uses an early ...Ng8-f6 to (more-or-less) force White into Nb1-c3 before c2-c4, in this variation the threat of an early ...Bf8-b4 helps to serve the same purpose. The thorny light square pawn structure also inhibits Bf1-c4. So, White usually aims for a Classical set-up with Nb1-c3, Bf1-e2, O-O and possibly Bc1-e3. This is one good way to get a "normal" Scheveningen position without facing the Sozin (Bf1-c4) , Velimirovic (Bf1-c4, Bc1-e3, Qd1-e2, O-O-O) or Keres Attack (an early g2-g4) . The primary cost to avoiding early king-side development (or any preparation to remove Ke8 from the center) is that White has some attacking options. }
 (4...Nf6)  (4...e5 
{ Kalashnikov }) (4...Qb6 
{ Benko }) (4...g6 
{ Accelerated Dragon }) 5. Nc3 (5. Nxc6 bxc6 6. Bd3 
{ Kan }) 5...a6
{ preventing Nb5 and possibly preparing ...b7-b5 and ...Bc8-b7; strangely Fritz7 doesn't like this move and says 6. Be3 gives White a nice advantage. }
 (5...Nf6)  (5...Qc7) 6. Be2 Qc7 7. O-O Nf6 (7...Nxd4 8. Qxd4 Bd6 9. Kh1 Be5 
{ Fritz7 }) 8. Be3 (8. Kh1 
{ also prepares f2-f4 while avoiding ...Bf8-c5, pinning Nd4 }) 8...Bb4
{ This is a variation which was conceived in the 1960s, was revived in the 1980s by Karpov (and others) and has become popular again in the 2000s. White can defend Pe4 or attempt to play on the dark squares where Black is a little weak (only pieces guarding b6 & d6) . }
9. Na4
{ Offering Pe4 and taking aim at b6; naturally Nd4 will need to exchange with c6 to allow Be3 to support Na4-b6. }
9...Be7 (9...Bd6 
{ was played in the 2003 Aeroflot Open (Moscow, Russia) , though it didn't succeed there }) (9...Nxe4 
{ is playable, but not considered as good as the game move }
 10. Nxc6 Qxc6 11. Nb6 Rb8 12. Qd4 Bf8 13. Bf3 f5 14. Bf4 d6 15. Rad1 $16 
{ Fritz7 }) 10. Nxc6 bxc6
{ Fritz7 seems to like ...dxc6, but I have to admit I've never seen that move. }
11. Nb6 Rb8 12. Nxc8 Qxc8
{ White's Pb2 & Pe4 are threatened. Having a queen or bishop at c3, d4 or e5 would serve to restrain Black. }
13. Bd4 (13. e5 Nd5 14. Bc1 
{ Fritz7 }) 13...d5
{ Black takes the moment to gain some space in the center. Though it could be argued this just makes it easier for White to force lines open for the two bishops and White's other heavy pieces I think most players would follow Timman's lead. }
 (
{ Kasparov-Anand, Linares 2002 continued }
 13...O-O 14. e5) 14. exd5 cxd5
{ This, incidentally, has the effect of making Bd4 rather safe, at least for the moment Black has no pawns to challenge it. }
15. c4 O-O (15...dxc4 16. Qa4+ 
{ and Pc4 is recovered. White might even use follow-up with Rc1xc4 to bring other pieces into play }) 16. Rc1 dxc4 17. Rxc4
{ A Classical evaluation has to note that White has the two-to-one queen-side pawn majority when Black doesn't have a compensating central pawn presence and White has the two bishops. These are slight, but enduring positional advantages. I look at these two elements in terms of whether they help White to win: the bishops are considered a slight material advantage and the pawn majority is considered useful because their distance from the kings means that they can more easily be advanced (particularly in an ending) to create a passer which could promote. }
17...Qb7 18. Qc2
{ threatening Rc4-c7 }
18...Nd5 19. b3
{ Be2-f3 is appealing, but Nd5 can be supported by pieces. So, she keeps Be2 aligned with Pa6. I think 19. b3 is to defend the pawn AND to allow Bd4 to retreat to a1, so White can consider an offensive on the king-side. }
 (19. Rc1) 19...Rfd8 20. Qb2 $11
{ according to Fritz7; not only threatening Bxg7, but controlling a3 to prepare Rf1-c1 }
 (20. Qe4 
{ Fritz7; perhaps intending Be2-d3, though the alignment of the bishops at d4 and d3 with Rd8 will involve some risk. }) 20...Nb6 21. Rc2 (21. Rcc1 Ba3 22. Qxa3 Rxd4 23. Rfd1 $14 
{ Fritz7; My guess is this is so far from the plan Polgar had in mind that she'd avoid it for fear of having no good plan. }) 21...Na4 $6
{ He shouldn't put this piece out on a limb until he's gotten Pg7 defended. Of course, Fritz7 disagrees. }
 (21...Bf8 22. Be5 Rbc8 23. Rxc8  (23. Rfc1 Na4 24. bxa4 Qxb2 $19)  23...Rxc8 24. Rd1 $14)  (21...Qe4 22. Rd2 Bg5 
{ Fritz7; roughly equal, but with White's position appearing quite fragile }) 22. Qa1 Qe4
{ This is the tactic Black expects will hold things together for him. }
23. Rd2 Bc5
{ The problem with moves such as this is they force a dissipation of the immediate pressure and result in an even simpler position where White's bishop's superiority becomes more clear. }
 (23...Nc5 24. Rfd1 Bg5 25. Bf3 Qg6 26. Be3 Rxd2 27. Rxd2 Bxe3 28. fxe3 $11 
{ Fritz7 }) 24. Bxc5 Nxc5 (24...Rxd2 25. Bf3 Qf5  (25...Qc2 26. Ba7 Rbd8 27. bxa4 Qxa4 28. a3 $16 
{ Fritz7 }) 26. Be3 Rc2 27. bxa4 $16
{ Fritz7 and Mark agree on most of this. }) 25. Qc3
{ White is still avoiding Be2-f3 because it just doesn't belong there. Instead they fight over the d-file and central squares; Timman can be quite Classicly inclined at times. }
25...Rxd2 26. Qxd2 $14 g6 $2
{ The tactics have died down and White continues the original plan of development while keeping an eye on Pa6. Black's lone achievement is to simplify a bit so that Kg8 will be relatively safe. }
 (26...Qe5 
{ Fritz7; getting ahead of White's threat, allowing ...Nc5-e4 }) 27. Rc1 $16
{ Amazingly, after this Black has a lot of problems. Nc5 is strangely immobile and nearly defenseless. It's situations like this which seem so unexplainable and which computer programs exploit regularly. }
27...Qe5 $4 $18 (27...Qf5 28. Qd4  (28. Qd6 $4 Qxf2+ 29. Kxf2 Ne4+ 30. Ke3 Nxd6 31. Bxa6 $14 
{ Black will have  more freedom to use his pawns on the king-side, so White's queen-side  advantage isn't completely winning (yet) . })  28...Nb7 29. Bxa6) 28. f4 Qf5 (28...Ne4 29. fxe5 Nxd2 30. Bxa6 
{ Fritz7; and the idea of Rc1-c8+ to simplify to a won ending is very appealing }) 29. Qd6 Rc8 30. b4 Qe4
{ Polgar nails down the position and lets Pb4 win a piece; neat! }
31. Qd2
1-0

[Event "GMA, Wijk aan Zee NED"]
[Site "?"]
[Date "2003.??.??"]
[Round "3"]
[White "Shirov,A"]
[Black "Ivanchuk,V"]
[Result "1/2"]
[WhiteElo "2720"]
[BlackElo "2695"]
[PlyCount "40"]

1.e4 c5 2.Nf3 Nc6 3.d4 cxd4 4.Nxd4 e5 5.Nb5 d6 6.N1c3 a6 7.Na3 Nf6 8.Nc4 
b5 9.Ne3 Be7 10.Bd3 O-O 11.O-O Rb8 12.Ncd5 Nxd5 13.exd5 Na5 14.a4 b4 15.Bd2 
f5 16.c3 bxc3 17.Bxc3 e4 18.Bc2 Bf6 19.g3 Bd7 20.Rb1 Nb7 1/2

[Event "GMA, Wijk aan Zee NED"]
[Site "?"]
[Date "2003.??.??"]
[Round "3"]
[White "Krasenkow,M"]
[Black "Ponomariov,R"]
[Result "1/2"]
[WhiteElo "2630"]
[BlackElo "2730"]
[PlyCount "113"]

1.d4 Nf6 2.Nf3 e6 3.c4 b6 4.Nc3 Bb7 5.a3 d5 6.cxd5 Nxd5 7.Qc2 Nxc3 8.bxc3 
Be7 9.e4 O-O 10.Bd3 c5 11.O-O Qc7 12.Qe2 Nd7 13.e5 Rfd8 14.h4 Nf8 15.h5 
Rac8 16.Be3 Qc6 17.a4 cxd4 18.cxd4 Bb4 19.h6 g6 20.Rfc1 Qd5 21.Bg5 Rxc1+ 
22.Rxc1 Rc8 23.Rxc8 Bxc8 24.Qb2 a5 25.Qc1 Bb7 26.Bb5 Qb3 27.Qf4 Qb1+ 28.Kh2 
Qf5 29.Qxf5 exf5 30.Bd8 Ne6 31.Bxb6 Bd5 32.Ng1 f6 33.Ne2 Kf7 34.Kg1 Bd2 
35.g3 Ke7 36.Nf4 Nxf4 37.exf6+ Kxf6 38.gxf4 Ke6 39.Be8 Bxf4 40.Bxa5 Bxh6 
41.Bb6 Bc4 42.Bc6 Bf4 43.a5 Ba6 44.Bg2 Kd7 45.Bd5 Kd6 46.Bg8 h5 47.Bh7 
h4 48.Kg2 Be2 49.f3 h3+ 50.Kxh3 Bf1+ 51.Kh4 g5+ 52.Kh5 Be2 53.Bxf5 Bxf3+ 
54.Bg4 Bxg4+ 55.Kxg4 Be3 56.d5 Kxd5 57.Bxe3 1/2